| 000 | 00421nam a2200169 4500 | ||
|---|---|---|---|
| 001 | 13215 | ||
| 005 | 20230410143242.0 | ||
| 008 | 060907n2002 dr spa | ||
| 035 | _9funglode13330 | ||
| 041 | _aEN | ||
| 050 | 1 | 4 | _aGuaroBatista |
| 110 | _aPeeters Publishers | ||
| 245 | 1 |
_a02 Catalogue Peeters / _cPeeters Publishers |
|
| 260 |
_aLeuven : _bPeeters, _c2002 |
||
| 300 | _a107 p. | ||
| 942 |
_2lcc _cbk |
||
| 999 |
_c98120 _d98120 |
||